| 000 | 01516nam a2200337 a 4500 | ||
|---|---|---|---|
| 001 | ebr10671511 | ||
| 003 | CaPaEBR | ||
| 006 | m u | ||
| 007 | cr cn||||||||| | ||
| 008 | 100630s2010 enka sb 001 0 eng d | ||
| 010 | _z 2010028015 | ||
| 020 | _z9781848212756 | ||
| 020 | _z9781118617182 (e-book) | ||
| 040 |
_aCaPaEBR _cCaPaEBR |
||
| 035 | _a(OCoLC)841168696 | ||
| 050 | 1 | 4 |
_aRD686 _b.B56 2010eb |
| 082 | 0 | 4 |
_a617.5/80592 _222 |
| 245 | 0 | 0 |
_aBiotribology _h[electronic resource] / _cedited by J. Paulo Davim. |
| 260 |
_aLondon : _bISTE ; _aHoboken, N.J. : _bJohn Wiley & Sons, _c2010. |
||
| 300 |
_ax, 202 p. : _bill. |
||
| 504 | _aIncludes bibliographical references and index. | ||
| 505 | 0 | _aBiotribology of total hip replacement : the metal-on-metal articulation -- Experimental wear studies of total joint replacements -- Influence of temperature on creep and deformation in UHMWPE under tribological loading in artificial joints -- Large capacity wear testing -- Biotribology of titanium alloys. | |
| 533 |
_aElectronic reproduction. _bPalo Alto, Calif. : _cebrary, _d2013. _nAvailable via World Wide Web. _nAccess may be limited to ebrary affiliated libraries. |
||
| 650 | 0 | _aArtificial joints. | |
| 650 | 0 | _aTribology. | |
| 650 | 0 | _aBiomechanics. | |
| 655 | 7 |
_aElectronic books. _2local |
|
| 700 | 1 | _aDavim, J. Paulo. | |
| 710 | 2 | _aebrary, Inc. | |
| 856 | 4 | 0 |
_uhttp://site.ebrary.com/lib/rucke/Doc?id=10671511 _zAn electronic book accessible through the World Wide Web; click to view |
| 999 |
_c62882 _d62882 |
||